000
00258nam a2200121Ia 4500
008
221030s9999 xx 000 0 und d
041
_a
English
100
_a
W. Henry
245
0
_a
Dictionary Of IT
_c
by W. Henry
260
_c
0
650
_a
B
942
_c
BK
999
_c
16420
_d
16420